Normal view MARC view

Entry Topical Term

Number of records used in: 1

001 - CONTROL NUMBER

  • control field: 1238529

003 - CONTROL NUMBER IDENTIFIER

  • control field: OSt

005 - DATE AND TIME OF LATEST TRANSACTION

  • control field: 20260505120022.0

008 - FIXED-LENGTH DATA ELEMENTS

  • fixed length control field: 260505|| aca||aabn | a|a d

040 ## - CATALOGING SOURCE

  • Original cataloging agency: OSt
  • Transcribing agency: OSt

150 ## - HEADING--TOPICAL TERM

  • Topical term or geographic name entry element: Armature widings

670 ## - SOURCE DATA FOUND

  • Source citation: Work cat.: (OSt)1678829: Bimbhra, P.S. 1114268 author, Electrical machinery, 2024.
Copyright @ Delhi University Library System